000 01106nas a2200325 i 4500
001 2271
003 ES-MaACL
005 20250724062602.0
007 t|
008 950801d19151916sp s|yp | ||pa d
022 _a1888-8240
080 _a460
080 _a008
245 0 0 _aSumma
_b: revista selecta ilustrada quincenal /
_c[dir., Salvador Martínez Cuenca].
246 3 _aSumma (Madrid. 1915)
260 _aMadrid :
_bSumma,
_c1915-1916 (
_fGraf. Mateu)
300 _a1 v. :
_bil., grab. ;
_c24 cm.
310 _aQuincenal
362 0 _aAño 1, n. 1 (15 oct. 1915)-año 2, n. 15 (15 mayo 1916)
530 _aDisponible en formato digital.
594 _aRedactor-jefe: Bernardo G. de Candamo.
650 1 4 _aRevistas de información general.
_916896
650 7 _aCultura
_2embne
_9170963
700 1 _aMartínez Cuenca, Salvador.
_977964
700 1 _aCandamo, Bernardo G. de,
_d1881-1967
_934440
852 _aES-MaACL
_jHem-908
856 _uhttp://hemerotecadigital.bne.es/details.vm?o=&w=1888-8240&f=issn&l=500
_zHemeroteca Digital
866 0 _o1915-16.
999 _c2271
_d2271